Bekannte KIKA-Sendungen (früher) - Statistiken

Allgemein
  • Dieses Quiz wurde 1.125 mal gespielt
  • Das Durchschnittsergebnis liegt bei 18 aus 31
Antwortstatistiken
Hinweis Sendung % Korrekt
Mädchen, das in den Bergen lebt Heidi
92%
Zeichentrickserie mit einer Biene in der Hauptrolle Biene Maja
91%
Zeichentrickserie mit einem Schaf in der Hauptrolle Shaun das Schaf
85%
junge Detektivbande in Hamburg Die Pfefferkörner
83%
Quizshow bei der die Kandidaten zwischen drei Feldern auswählen müssen 1, 2 oder 3
82%
Sendung mit verschiedenen Phantasiefiguren (Stofftiere), z.B. das Krümmelmonster Sesamstraße
82%
Hauptrolle hat ein Mädchen mit langen, orangenen Zöpfen Pippi Langstrumpf
81%
Freundesgruppe Meerjungfrauen H2O - plötzlich Meerjungfrau
79%
unterhaltsame Wissensvermittlung mit Peter Lustig Löwenzahn
79%
Junge in Miniaturgröße fliegt mit Gänsen Nils Holgersson
79%
Wissenssendung mit Willi Weitzel Willi wills wissen
76%
Sendung über junge, blonde Hexe Bibi Blocksberg
74%
Vier rundliche Figuren mit Antenne auf dem Kopf und Bildschirm auf dem Bauch (für Kleinkinder gedacht) Teletubbies
74%
Wissenssendung mit Ralph & Shary Wissen macht Ah!
74%
"Gute Nacht" Sendung Unser Sandmännchen
73%
Nachrichtensendung für Kinder logo!
72%
Internatsleben von jungen Schülerinnen und Schülern Schloss Einstein
72%
weitere Wissenssendung ("Lach- und Sachgeschichten") Die Sendung mit der Maus
71%
Blaue Wesen Die Schlümpfe
69%
Zeichentrickserie mit einem Elefant in der Hauptrolle Benjamin Blümchen
57%
Schulklassen treten gegeneinander an Die beste Klasse Deutschlands
53%
Grüner Dache Tabaluga
51%
Spieleshow (Kinderteams treten gegeneinander an) Tigerentenclub
44%
Phantasiewesen mit roten Haaren Pumuckl
43%
Frau mit Trödelladen und Rabe Siebenstein
36%
Unterhaltungssendung für Kinder (Mode, Musik, Lifestyle etc.) KIKA live
24%
Sendung, in der Probleme von Kindern besprochen werden Kummerkasten
20%
Familie lebt auf Bauernhof Die Kinder vom Süderhof
10%
Eine Gruppe Freunde kämpft zusammen gegen einen Zauberer 4 gegen Z
7%
Krimiserie mit wechselnden Hauptdarstellern ("Kindertatort") KIKA krimi.de
7%
weitere Kinderkrimiserie Ein Fall für B.A.R.Z
3%
Keine übereinstimmenden Quizze gefunden
Verteilung der Resultate
Anzahl Personen mit jedem Resultat
Perzentil nach korrekt beantworteten Fragen
Ihre Resultats-Entwicklung
Sie haben dieses Quiz noch nicht gespielt